Normal view
MARC view
- Umair Saleem (NUST201361502MCES64113F)
Entry Personal Name
001 - CONTROL NUMBER
- control field: 116318
003 - CONTROL NUMBER IDENTIFIER
- control field: NUST
005 - DATE AND TIME OF LATEST TRANSACTION
- control field: 20230912165927.0
008 - FIXED-LENGTH DATA ELEMENTS
- fixed length control field: 230912|| aca||aabn | a|a d
040 ## - CATALOGING SOURCE
- Original cataloging agency: NUST
- Transcribing agency: NUST
100 ## - HEADING--PERSONAL NAME
- Personal name: Umair Saleem (NUST201361502MCES64113F)
670 ## - SOURCE DATA FOUND
- Source citation: Work cat.: (NUST): Umair Saleem (NUST201361502MCES64113F), Design and development of PCM based cooling system for domestic building /, 2016
